Aprendiendo de la transicin̤

Detalles Bibliográficos
Autor principal: Urueą, Reň
Otros Autores: Acosta-Lp̤ez, Juana Inš, Arv̌alo Narvèz, Carlos Enrique
Formato: eBook
Lenguaje:español
Publicado: Bogot:̀ Universidad de Los Andes (Colombia), 2021
Materias:
Acceso en línea:Acceso restringido

MARC

LEADER 00000nam a22000007a 4500
005 20221012222726.0
007 cr|||| ||||
008 221012s2021 co |||||s|||| 00||0 spa d
020 |a 978-958-798-104-9 
035 |a 37398 
040 |a vLex 
090 |c 14023  |d 14023 
100 1 |a Urueą, Reň 
245 1 0 |a  Aprendiendo de la transicin̤  |h [Recurso electrn̤ico] /  |c Ren ̌Urueą, Juana Inš Acosta-Lp̤ez, Carlos Enrique Arv̌alo Narvèz 
256 |a Servicio en ln̕ea 
260 |a Bogot:̀  |b Universidad de Los Andes (Colombia),  |c 2021 
300 |a 1 recurso electrn̤ico 
506 1 |a Disponible solo en los productos indicados  |d vLex Global  |d vLex Global (Academic Edition, excluding Law Schools)  |d vLex Global (U.S. Academic Edition, Law Schools)  |d vLex Global (U.S. Academic Edition, excluding Law Schools)  |d vLex Global (Academic Edition, Law Schools) 
650 0 4 |a Derecho Constitucional  |z Colombia 
700 1 |a Acosta-Lp̤ez, Juana Inš 
700 1 |a Arv̌alo Narvèz, Carlos Enrique 
740 0 |a vLex Libros (Servicio en ln̕ea) 
856 4 0 |u https://app.vlex.com/#/sources/37398  |z Acceso restringido 
942 |c BOOK 
999 0 |a Constitutional right